Pure mathematics 1

Сохранить в:
Библиографические подробности
Главный автор: Bostock L.
Другие авторы: Chandler, S.
Формат:
Опубликовано: London: Stanley Thornes (publishers) ltd, c2002.
Предметы:
Метки: Добавить метку
Нет меток, Требуется 1-ая метка записи!

MARC

LEADER 00000nam a22000007a 4500
005 20260419120133.0
020 |a 9780859500920  |c TZS 152,364/= 
040 |a MCCL  |b eng.  |e AACR 2nd rev. ed. 
082 |a 510 BOS 
100 |a Bostock L. 
245 |a Pure mathematics 1  |c / L. Bostock & S. Chandler 
260 |a London:  |b Stanley Thornes (publishers) ltd,  |c c2002. 
300 |a xiii,637 p.:  |b ill.;  |c 24 cm. 
504 |a includes index 
546 |a eng. 
650 |a Mathematics 
700 |a Chandler, S. 
942 |c BK 
999 |c 12707  |d 12707